000 00334cam a22001217a 4500
008 180718b1955 xxu||||| |||| 00| 0 eng d
082 _aR7 K773
100 _aKnox, John B.
245 _aSociology of industrial relations
_cby John B. Knox
260 _aNew York
_bRandom House
_c1955
300 _a348p.
650 _aIndustrial relations
999 _c434632
_d434632